Ελλάδα - Ευρωπαική Ένωση : τα πρώτα είκοσι χρόνια και ο αιώνας που έρχεται : πρακτικά συνεδρίου, 25-26 Μαϊου 2001
Αποθηκεύτηκε σε:
| Συγγραφή απο Οργανισμό/Αρχή: | |
|---|---|
| Μορφή: | Βιβλίο |
| Γλώσσα: | Greek |
| Δημοσίευση: |
Μυτιλήνη :
[χ.ό.],
2002
|
| Θέματα: | |
| Ετικέτες: |
Προσθήκη ετικέτας
Δεν υπάρχουν, Καταχωρήστε ετικέτα πρώτοι!
|
MARC
| LEADER | 00000cam a2200000 i 4500 | ||
|---|---|---|---|
| 001 | 1/38631 | ||
| 008 | 030725s2002 gre d | ||
| 020 | |a 960867895-1 | ||
| 035 | |l 10070476 | ||
| 040 | |a GR-MY-UA |b gre |e aacr | ||
| 041 | 0 | |a gre | |
| 082 | 0 | |a 341.2422 |2 (21) | |
| 110 | 2 | |a Πανεπιστήμιο Αιγαίου |b Σχολή Κοινωνικών Επιστημών |b Τμήμα Κοινωνιολογίας. | |
| 245 | 1 | 0 | |a Ελλάδα - Ευρωπαική Ένωση : |b τα πρώτα είκοσι χρόνια και ο αιώνας που έρχεται : πρακτικά συνεδρίου, 25-26 Μαϊου 2001 / |c Πανεπιστήμιο Αιγαίου, Τμήμα Κοινωνιολογίας |
| 260 | |a Μυτιλήνη : |b [χ.ό.], |c 2002 | ||
| 300 | |a 166 σ.; |b εικ.; |c 24 εκ. | ||
| 610 | 2 | 0 | |a European Union |z Greece. |
| 610 | 2 | 0 | |a European Economic Community |z Greece. |
| 650 | 0 | 0 | |a European federation. |
| 852 | |a INST |b CHIOS |e 20031112 |h 341.2422 ΠΑΝ |p 005200013056 |q 005200013056 |t BK |y 0 | ||
| 852 | |a INST |b LESVOS |e 20050811 |h 341.2422 ΠΑΝ |p 005100030724 |q 005100030724 |t BK |y 0 | ||
| 852 | |a INST |b RHODES |e 20040525 |h 341.2422 ΠΑΝ |p 005400019009 |q 005400019009 |t BK |y 0 | ||
| 852 | |a INST |b RHODES |e 20050707 |h 341.2422 ΠΑΝ |p 005400019994 |q 005400019994 |t BK |y 0 | ||
| 852 | |a INST |b RHODES |e 20050413 |h 341.2422 ΠΑΝ |p 005400023568 |q 005400023568 |t BK |y 0 | ||
| 852 | |a INST |b SAMOS |e 20040510 |h 341.2422 ΠΑΝ |p 005300023923 |q 005300023923 |t BK |y 0 | ||
| 852 | |a INST |b SAMOS |e 20040510 |h 341.2422 ΠΑΝ |p 005300023924 |q 005300023924 |t BK |y 0 | ||
| 901 | |a BIBL3-2004-2 | ||
| 901 | |a BIBL5-2003-2 | ||
| 901 | |a BIBL2-2003-3 | ||
| 901 | |a BIBL4-2004-2 | ||
| 920 | |b ΤΜΗΜΑ ΚΟΙΝΩΝΙΟΛΟΓΙΑΣ |y ΣΑΜΟΣ |z 2003-09 | ||
| 920 | |b ΤΜΗΜΑ ΣΤΑΤΙΣΤΙΚΗΣ ΚΑΙ ΑΝΑΛΟΓΙΣΤΙΚΗΣ ΕΠΙΣΤΗΜΗΣ |y ΣΑΜΟΣ |z 2003-09 | ||
| 970 | |a ΣΙΔΕΡΗ |b ΝΕΚΤΑΡΙΑ |z 2005/07/07 | ||